000 00650nam a2200193 4500
008 050506s1987 cou b 000 0 eng
020 _a0891091912
090 _aBV2061
_bB64m
100 1 _aBorthwick, Paul,
_d1954-
245 1 2 _aA mind for missions :
_b10 ways to build your world vision /
_cPaul Borthwick.
260 _aColorado Springs, Colo. :
_bNavPress,
_cc1987.
300 _a167 p. ;
_c21 cm.
500 _a"A Navigator book"--Cover.
504 _aBibliography: p. 157-167.
650 4 _aChristian life.
650 4 _aChurch and the world.
650 4 _aMissions.
951 _p28328
_x00030750
_oBV2061/B64m
_j070613111451750
_d2000-12-21
_cGC
999 _c23153
_d23153